Problém kvantity právnych predpisov v právnom štáte bakalárska práca

Saved in:
Bibliographic Details
Main Author: Tóthová, Bernadett
Corporate Authors: Ekonomická univerzita v Bratislave. Národohospodárska fakulta, Univerzita Komenského v Bratislave. Právnická fakulta
Other Authors: Fábry, Branislav
Format: Book
Language:Slovak
Published: Bratislava 2020
Tags: Add Tag
No Tags, Be the first to tag this record!

MARC

LEADER 00000nbm a2200000 4500
001 0265614
005 20211029084247.3
041 0 |a slo 
044 |a SK 
245 1 0 |a Problém kvantity právnych predpisov v právnom štáte  |b bakalárska práca  |c Bernadett Tóthová ; školiteľ: Branislav Fábry 
264 1 |a Bratislava  |c 2020 
300 |a 61 s. 
100 1 |a Tóthová, Bernadett 
700 1 |a Fábry, Branislav 
710 2 |a Ekonomická univerzita v Bratislave. Národohospodárska fakulta 
710 2 |a Univerzita Komenského v Bratislave. Právnická fakulta